Synthesis of TiC nanopowder; Язык и мировая культура: взгляд молодых исследователей; Ч. 2

Detalles Bibliográficos
Parent link:Язык и мировая культура: взгляд молодых исследователей: сборник материалов XIV Всероссийской научно-практической конференции, г. Томск, 26-28 апреля 2014 г./ Национальный исследовательский Томский политехнический университет (ТПУ) ; под ред. Н. А. Качалова.— , 2014
Ч. 2.— 2014.— [С. 27-29]
Autor Principal: Davaa A. V.
Autor Corporativo: Национальный исследовательский Томский политехнический университет
Outros autores: Tarasova E. S. Ekaterina Sergeevna
Summary:Заглавие с титульного экрана
Idioma:inglés
Publicado: 2014
Subjects:
Acceso en liña:http://earchive.tpu.ru/handle/11683/20606
http://www.lib.tpu.ru/fulltext/c/2014/C89/V2/013.pdf
Formato: Electrónico Capítulo de libro
KOHA link:https://koha.lib.tpu.ru/cgi-bin/koha/opac-detail.pl?biblionumber=611584

MARC

LEADER 00000naa2a2200000 4500
001 611584
005 20250515102441.0
035 |a (RuTPU)RU\TPU\conf\9380 
035 |a RU\TPU\conf\9378 
090 |a 611584 
100 |a 20150403d2014 k y0rusy50 ba 
101 0 |a eng 
102 |a RU 
105 |a y z 101zy 
135 |a drcn ---uucaa 
181 0 |a i  
182 0 |a b 
200 1 |a Synthesis of TiC nanopowder  |f A. V. Davaa, E. S. Tarasova 
203 |a Текст  |c электронный 
300 |a Заглавие с титульного экрана 
320 |a [Библиогр.: с. 29 (3 назв.)] 
337 |a Adobe Reader 
461 1 |0 (RuTPU)RU\TPU\conf\9284  |t Язык и мировая культура: взгляд молодых исследователей  |o сборник материалов XIV Всероссийской научно-практической конференции, г. Томск, 26-28 апреля 2014 г.  |o в 2 ч.  |f Национальный исследовательский Томский политехнический университет (ТПУ) ; под ред. Н. А. Качалова  |d 2014 
463 0 |0 (RuTPU)RU\TPU\conf\9286  |t Ч. 2  |v [С. 27-29]  |d 2014 
610 1 |a труды учёных ТПУ 
610 1 |a электронный ресурс 
700 1 |a Davaa  |b A. V. 
701 1 |a Tarasova  |b E. S.  |c linguist  |c Senior Lecturer of Tomsk Polytechnic University  |f 1984-  |g Ekaterina Sergeevna  |3 (RuTPU)RU\TPU\pers\31732 
712 0 2 |a Национальный исследовательский Томский политехнический университет  |c (2009- )  |9 26305 
801 2 |a RU  |b 63413507  |c 20220225  |g RCR 
850 |a 63413507 
856 4 |u http://earchive.tpu.ru/handle/11683/20606 
856 4 |u http://www.lib.tpu.ru/fulltext/c/2014/C89/V2/013.pdf 
942 |c BK